Statistics for Five Longest Country Names by Continent

Click here to take the quiz!

General Stats

  • This quiz has been taken 1,156 times
  • The average score is 16 of 30

Answer Stats

Continent Country % Correct
South AmericaArgentina
79%
South AmericaVenezuela
77%
South AmericaColombia
73%
South AmericaParaguay
71%
OceaniaPapua New Guinea
67%
South AmericaSuriname
66%
OceaniaSolomon Islands
66%
OceaniaMarshall Islands
66%
OceaniaNew Zealand
63%
EuropeNetherlands / Vatican City
61%
EuropeUnited Kingdom
58%
AfricaCentral African Republic
56%
AsiaTurkmenistan
53%
North AmericaTrinidad and Tobago
52%
EuropeLiechtenstein
52%
North AmericaDominican Republic
51%
AsiaSaudi Arabia
51%
OceaniaFederated States of Micronesia
50%
AfricaDemocratic Republic of the Congo
50%
North AmericaAntigua and Barbuda
45%
North AmericaSaint Kitts and Nevis
42%
EuropeBosnia and Herzegovina
42%
AsiaUnited Arab Emirates
42%
AfricaRepublic of the Congo
42%
AsiaAfghanistan
41%
North AmericaSaint Vincent and the Grenadines
40%
EuropeCzech Republic
39%
AfricaSão Tomé and Príncipe
39%
AfricaEquatorial Guinea
34%
AsiaPhilippines
32%

Score Distribution

Percentile by Number Answered

Percent of People with Each Score

Your Score History

You have not taken this quiz